韩国所有官方城市(城市点位地图版) - Statistics

General Stats
  • This quiz has been taken 15 times
  • The average score is 33 of 85
Answers on the Map
Answers color-coded by a green-red scale on the quiz's map according to % correct below.
 
Answer Stats
城市 % Correct
特别市/广域市 首尔特别市
100%
特别市/广域市 釜山广域市
100%
特别市/广域市 大邱广域市
100%
特别市/广域市 仁川广域市
100%
特别市/广域市 大田广域市
100%
特别市/广域市 光州广域市
92%
特别市/广域市 蔚山广域市
92%
特别市/广域市 世宗特别自治市
92%
全北特别自治道 全州市
92%
济州特别自治道 济州市
92%
京畿道 水原市
83%
京畿道 议政府市
83%
忠清北道 清州市
83%
庆尚北道 庆州市
83%
京畿道 广州市
75%
江原特别自治道 春川市
75%
忠清北道 忠州市
75%
江原特别自治道 江陵市
67%
全罗南道 罗州市
67%
庆尚北道 浦项市
67%
济州特别自治道 西归浦市
67%
庆尚北道 尚州市
58%
京畿道 坡州市
50%
京畿道 城南市
50%
江原特别自治道 束草市
50%
江原特别自治道 原州市
50%
忠清南道 天安市
50%
全罗南道 木浦市
50%
全罗南道 丽水市
50%
庆尚南道 昌原市
50%
京畿道 安养市
42%
京畿道 东豆川市
42%
京畿道 金浦市
42%
京畿道 南杨州市
42%
庆尚北道 龟尾市
42%
京畿道 安山市
33%
京畿道 高阳市
33%
京畿道 利川市
33%
京畿道 杨州市
33%
京畿道 龙仁市
33%
江原特别自治道 东海市
33%
江原特别自治道 太白市
33%
京畿道 富川市
25%
京畿道 军浦市
25%
京畿道 果川市
25%
京畿道 光明市
25%
京畿道 河南市
25%
京畿道 华城市
25%
京畿道 抱川市
25%
忠清北道 堤川市
25%
忠清南道 牙山市
25%
庆尚北道 金泉市
25%
庆尚南道 巨济市
25%
京畿道 安城市
17%
京畿道 九里市
17%
京畿道 乌山市
17%
京畿道 平泽市
17%
京畿道 始兴市
17%
京畿道 义王市
17%
京畿道 骊州市
17%
江原特别自治道 三陟市
17%
忠清南道 唐津市
17%
忠清南道 公州市
17%
全北特别自治道 益山市
17%
全罗南道 顺天市
17%
庆尚北道 安东市
17%
庆尚北道 庆山市
17%
庆尚南道 金海市
17%
庆尚南道 梁山市
17%
忠清南道 保宁市
8%
忠清南道 鸡龙市
8%
忠清南道 论山市
8%
忠清南道 瑞山市
8%
全北特别自治道 金堤市
8%
全北特别自治道 群山市
8%
全北特别自治道 井邑市
8%
全北特别自治道 南原市
8%
全罗南道 光阳市
8%
庆尚北道 闻庆市
8%
庆尚北道 永川市
8%
庆尚北道 荣州市
8%
庆尚南道 晋州市
8%
庆尚南道 密阳市
0%
庆尚南道 泗川市
0%
庆尚南道 统营市
0%
No matching quizzes found
Score Distribution
Percent of People with Each Score
Percentile by Number Answered
Your Score History
You have not taken this quiz